| 000 | 00373nam a22001457a 4500 | ||
|---|---|---|---|
| 003 | OSt | ||
| 008 | 231026b |||||||| |||| 00| 0 eng d | ||
| 041 | _ahin | ||
| 082 |
_a891.54 _bPRA/HI |
||
| 100 |
_aTandon, Premnarayan _95536 |
||
| 245 | _aHindi bhasha aur sahitya ka parichayatmak itihas | ||
| 260 |
_aLucknow _bHindi Sahitya-Bandar _c1862 |
||
| 300 | _a310 | ||
| 942 | _cBK | ||
| 999 |
_c17752 _d17752 |
||